000 00731nam a22002177a 4500
003 UA-OsUOA
001 45006
007 ta
008 20110921b un ||||| |||| 00| 0 ukr d
090 _a27(477)
_bС11
942 _cBR
040 _aUA-OsUOA
_bukr
_cUA-OsUOA
_dUA-OsUOA
245 _aСлово до народу українського у 1000-річчя удержавлення християнства в Україні
300 _a31 с.
955 _a4
041 _aukr
080 _a27(477)
650 7 _a27 Загальна історія Християнської церкви
_2UDC
999 _c425109
_d425109